Statistics for English to American

Click here to take the quiz!

General Stats

  • This quiz has been taken 222 times
  • The average score is 8 of 10

Answer Stats

EnglishAmerican% Correct
FootballSoccer
98%
ChipsFries
93%
AutumnFall
91%
HolidayVacation
90%
PavementSidewalk
88%
Mobile PhoneCellphone
82%
AubergineEggplant
74%
RubbishGarbage
74%
JamJelly
70%
GardenYard
68%

Score Distribution

Percentile by Number Answered

Percent of People with Each Score

Your Score History

You have not taken this quiz